Statistiques concernant Quiz Culture Génerale

Cliquez ici pour prendre le quiz!

Statistiques générales

  • Ce quiz a été pris 433 fois
  • Le résultat moyen est 8 sur 13

Statistiques - réponses

QuestionRéponse% Correct
Quelle est la date de la prise de la Bastille14 juillet 1789
94%
Quel roi a été guillotiné?Louis XVI
84%
Comment s'appelle la partie coloré de l'oeuiliris
83%
Quelle est la capitale de la NorvègeOslo
81%
Qui chante Le chanteur?Balavoine
73%
combien de grand chelem a gagne nadal22
62%
Si je suis née le 20 juin alors je suisGémeaux
55%
Quelles sont les trois couleur du drapeau de l'Angolanoir,rouge,jaune
52%
En quelle année est sortit Avatar 12009
45%
Quelle est le prénom du personnage principale dans le pianiste ?Władysław Szpilman
41%
Quelle est le pays le plus peupléInde
37%
Quelle fleure symbolise la paixSpathiphyllum
25%
Quelle œuvre a été peinte par Vermeer?La femme à la balance
23%

Distribution des résultats

Percentile par nombre de réponses

% des personnes avec chaque résultat

Votre développement - résultats

Vous n’avez pas pris ce quiz